[Event "XVI. DBMM Schach"]
[Site "Dresden"]
[Date "2016.11.03"]
[Round "1.4"]
[White "Schneider, Eckehard"]
[Black "Neudel, Bernd"]
[Result "1/2-1/2"]
[WhiteElo "1811"]
[BlackElo "1869"]
[Annotator "br"]
[PlyCount "62"]
[EventDate "2016.11.??"]
[SourceTitle "XVI. DBMM 2016"]
[Source "FV Schach e.V."]
[SourceDate "2017.06.14"]
[SourceVersion "1"]
[SourceVersionDate "2017.06.14"]
[SourceQuality "1"]
[WhiteTeam "BA Tempelhof Berlin II"]
[BlackTeam "Deutsche Bahn/BSW Frankfurt/M"]
[WhiteTeamCountry "GER"]
[BlackTeamCountry "GER"]

1. e4 c5 2. c3 d5 3. exd5 Qxd5 4. d4 Nc6 5. Nf3 e6 6. Be3 cxd4 7. cxd4 a6 8.
Nc3 Qd8 9. Bd3 Nf6 10. O-O Be7 11. Rc1 O-O 12. Bb1 Bd7 13. Qe2 Nb4 14. Rfe1
Nbd5 15. Nxd5 Nxd5 16. Qd3 g6 17. Bh6 Re8 18. Ne5 Bf8 19. Bxf8 Rxf8 20. a3 Rc8
21. Ba2 Rxc1 22. Rxc1 Bc8 23. b4 Qd6 24. Qd2 Kg7 25. Rc5 Ne7 26. Ng4 Ng8 27.
Qc3 Qd8 28. h3 h5 29. d5+ Kh7 30. Ne3 exd5 31. Nxd5 Be6 1/2-1/2

[Event "XVI. DBMM Schach"]
[Site "Dresden"]
[Date "2016.11.03"]
[Round "1.1"]
[White "Leube, Oliver"]
[Black "Schulz, Michael"]
[Result "0-1"]
[WhiteElo "1928"]
[BlackElo "2142"]
[Annotator "ms"]
[PlyCount "40"]
[EventDate "2016.11.??"]
[SourceTitle "XVI. DBMM 2016"]
[Source "FV Schach e.V."]
[SourceDate "2017.06.14"]
[SourceVersion "1"]
[SourceVersionDate "2017.06.14"]
[SourceQuality "1"]
[WhiteTeam "Transit Hamburg II"]
[BlackTeam "SV Osram Berlin"]
[WhiteTeamCountry "GER"]
[BlackTeamCountry "GER"]

1. d4 Nf6 2. c4 c5 3. d5 e6 4. Nc3 exd5 5. cxd5 d6 6. e4 g6 7. Bd3 a6 8. a3 Bg7
9. Nge2 b5 10. b4 Nbd7 11. f4 Ng4 12. O-O c4 13. Bc2 Qb6+ 14. Kh1 Nf2+ 15. Rxf2
Qxf2 16. a4 bxa4 17. Rxa4 O-O 18. b5 Nc5 19. Rxc4 axb5 20. Nxb5 Bg4 0-1

[Event "XVI. DBMM Schach"]
[Site "Dresden"]
[Date "2016.11.03"]
[Round "1.2"]
[White "Rath, Alina"]
[Black "Supplieth, Joerg"]
[Result "1-0"]
[WhiteElo "2047"]
[BlackElo "1731"]
[Annotator "br"]
[PlyCount "31"]
[EventDate "2016.11.??"]
[SourceTitle "XVI. DBMM 2016"]
[Source "FV Schach e.V."]
[SourceDate "2017.06.14"]
[SourceVersion "1"]
[SourceVersionDate "2017.06.14"]
[SourceQuality "1"]
[WhiteTeam "SV Osram Berlin"]
[BlackTeam "Transit Hamburg II"]
[WhiteTeamCountry "GER"]
[BlackTeamCountry "GER"]

1. c4 g6 2. Nc3 Bg7 3. g3 e6 4. Bg2 Ne7 5. e4 b6 6. Nge2 Bb7 7. O-O h5 8. d4 h4
9. d5 hxg3 10. fxg3 d6 11. dxe6 fxe6 12. Bg5 Rh5 13. Nf4 Rh7 14. Nxe6 Qd7 15.
Nxg7+ Rxg7 16. Qf3 1-0

[Event "XVI. DBMM Schach"]
[Site "Dresden"]
[Date "2016.11.03"]
[Round "1.3"]
[White "Schroeder, Kai Uwe"]
[Black "Gebert Vangeel, Ralf"]
[Result "0-1"]
[WhiteElo "1858"]
[BlackElo "2042"]
[Annotator "br"]
[PlyCount "117"]
[EventDate "2016.11.??"]
[SourceTitle "XVI. DBMM 2016"]
[Source "FV Schach e.V."]
[SourceDate "2017.06.14"]
[SourceVersion "1"]
[SourceVersionDate "2017.06.14"]
[SourceQuality "1"]
[WhiteTeam "Transit Hamburg II"]
[BlackTeam "SV Osram Berlin"]
[WhiteTeamCountry "GER"]
[BlackTeamCountry "GER"]

1. e4 e5 2. Nf3 Nc6 3. Bb5 Nf6 4. O-O Be7 5. Re1 d6 6. Bxc6+ bxc6 7. d4 exd4 8.
Qxd4 O-O 9. h3 c5 10. Qd3 Bb7 11. Nc3 h6 12. b3 Re8 13. Bb2 Bf8 14. Nd5 Nxd5
15. exd5 Qd7 16. a4 c6 17. dxc6 Qxc6 18. Qb5 a6 19. Qxc6 Bxc6 20. Rad1 Rab8 21.
Rxe8 Rxe8 22. Re1 f6 23. Rxe8 Bxe8 24. Kf1 Bg6 25. Ne1 Kf7 26. Ke2 Ke6 27. Nd3
Kd7 28. c4 Kc6 29. Bc3 Bf7 30. Nf4 Be7 31. Kd2 g5 32. Nd3 d5 33. Nb2 Bd8 34.
Ke2 d4 35. Be1 Bc7 36. g4 h5 37. f3 hxg4 38. hxg4 Be6 39. Nd3 f5 40. gxf5 Bxf5
41. Bd2 g4 42. fxg4 Bxg4+ 43. Kf2 Bd1 44. Nc1 Bd8 45. Kg3 Bf6 46. Kf4 Bg7 47.
Ke4 Bc2+ 48. Kf3 Kd6 49. Bf4+ Ke6 50. Bd2 Kf5 51. a5 Bd1+ 52. Kf2 Ke4 53. b4
cxb4 54. Bxb4 d3 55. Ke1 Ba4 56. Na2 Bb3 57. Bc3 Bf8 58. Bb4 Bh6 59. Nc1 0-1

[Event "XVI. DBMM Schach"]
[Site "Dresden"]
[Date "2016.11.03"]
[Round "1.4"]
[White "Eisermann, Daniel"]
[Black "Rulfs, Ernst August"]
[Result "1-0"]
[WhiteElo "1966"]
[BlackElo "1598"]
[Annotator "br"]
[PlyCount "59"]
[EventDate "2016.11.??"]
[SourceTitle "XVI. DBMM 2016"]
[Source "FV Schach e.V."]
[SourceDate "2017.06.14"]
[SourceVersion "1"]
[SourceVersionDate "2017.06.14"]
[SourceQuality "1"]
[WhiteTeam "SV Osram Berlin"]
[BlackTeam "Transit Hamburg II"]
[WhiteTeamCountry "GER"]
[BlackTeamCountry "GER"]

1. e4 e6 2. d4 d5 3. Nc3 Bb4 4. e5 c5 5. a3 Bxc3+ 6. bxc3 c4 7. Qg4 g6 8. g3
Nc6 9. Bg2 Nce7 10. Ne2 Nf5 11. Bg5 f6 12. Bf4 Ngh6 13. Qh3 g5 14. Qh5+ Nf7 15.
Bd2 fxe5 16. dxe5 Ng7 17. Qf3 Nxe5 18. Qe3 Qf6 19. Nd4 h6 20. O-O Bd7 21. Rab1
Rb8 22. f4 Ng4 23. Qe2 e5 24. fxe5 Qxe5 25. Qxe5+ Nxe5 26. Rbe1 Kd8 27. Rxe5
Kc7 28. Rf7 Ne8 29. Ree7 Rd8 30. Ne6+ 1-0

[Event "XVI. DBMM Schach"]
[Site "Dresden"]
[Date "2016.11.03"]
[Round "1.1"]
[White "Schmidt, Harald"]
[Black "Ungerer, Markus"]
[Result "1-0"]
[WhiteElo "2364"]
[BlackElo "2125"]
[Annotator "br"]
[PlyCount "55"]
[EventDate "2016.11.??"]
[SourceTitle "XVI. DBMM 2016"]
[Source "FV Schach e.V."]
[SourceDate "2017.06.14"]
[SourceVersion "1"]
[SourceVersionDate "2017.06.14"]
[SourceQuality "1"]
[WhiteTeam "Transit Hamburg"]
[BlackTeam "W&W Wuestenrot & Wuerttemb. Stuttgart"]
[WhiteTeamCountry "GER"]
[BlackTeamCountry "GER"]

1. c4 e5 2. a3 Nf6 3. Nf3 e4 4. Nd4 c5 5. Nb5 a6 6. N5c3 Nc6 7. d3 exd3 8. e4
b5 9. Bxd3 bxc4 10. Bxc4 Ne5 11. Bd5 Rb8 12. O-O d6 13. f4 Nxd5 14. Nxd5 Nd7
15. Nbc3 Nb6 16. f5 Be7 17. Nxe7 Kxe7 18. Be3 Nc4 19. f6+ gxf6 20. Nd5+ Ke8 21.
Qa4+ Bd7 22. Qxc4 Bb5 23. Qc3 Bxf1 24. Rxf1 Rb7 25. Nxf6+ Ke7 26. e5 Qc8 27.
exd6+ Kd8 28. Qa5+ 1-0

[Event "XVI. DBMM Schach"]
[Site "Dresden"]
[Date "2016.11.03"]
[Round "1.2"]
[White "Peck, Malcolm"]
[Black "Urban, Ralf-Dieter"]
[Result "1-0"]
[WhiteElo "1797"]
[BlackElo "2034"]
[Annotator "br"]
[PlyCount "61"]
[EventDate "2016.11.??"]
[SourceTitle "XVI. DBMM 2016"]
[Source "FV Schach e.V."]
[SourceDate "2017.06.14"]
[SourceVersion "1"]
[SourceVersionDate "2017.06.14"]
[SourceQuality "1"]
[WhiteTeam "W&W Wuestenrot & Wuerttemb. Stuttgart"]
[BlackTeam "Transit Hamburg"]
[WhiteTeamCountry "GER"]
[BlackTeamCountry "GER"]

1. d4 Nf6 2. Nf3 d5 3. e3 Bf5 4. Be2 e6 5. O-O Bd6 6. c4 c6 7. Qb3 Qb6 8. Nbd2
O-O 9. c5 Qxb3 10. Nxb3 Bc7 11. Bd2 Nbd7 12. Rac1 h6 13. Na5 Ne4 14. Nxb7 Rab8
15. Ba6 e5 16. Ba5 Bxa5 17. Nxa5 exd4 18. Nxc6 Ndxc5 19. Nxb8 Rxb8 20. Nxd4 Bd7
21. Be2 Rxb2 22. f3 Ne6 23. Rb1 Rxb1 24. Rxb1 Nc3 25. Rb8+ Kh7 26. Bd3+ g6 27.
Rb7 Nc5 28. Rxa7 Nxa2 29. Rxa2 Nxd3 30. Ra7 Be8 31. Re7 1-0

[Event "XVI. DBMM Schach"]
[Site "Dresden"]
[Date "2016.11.03"]
[Round "1.3"]
[White "Ziller, Christian"]
[Black "Topol, Martin"]
[Result "1-0"]
[WhiteElo "2071"]
[BlackElo "1362"]
[Annotator "br"]
[PlyCount "59"]
[EventDate "2016.11.??"]
[SourceTitle "XVI. DBMM 2016"]
[Source "FV Schach e.V."]
[SourceDate "2017.06.14"]
[SourceVersion "1"]
[SourceVersionDate "2017.06.14"]
[SourceQuality "1"]
[WhiteTeam "Transit Hamburg"]
[BlackTeam "W&W Wuestenrot & Wuerttemb. Stuttgart"]
[WhiteTeamCountry "GER"]
[BlackTeamCountry "GER"]

1. d4 g6 2. Nf3 d5 3. Bf4 Bg7 4. e3 c5 5. c3 c4 6. Nbd2 Nc6 7. e4 e6 8. h4 Nge7
9. h5 f6 10. e5 fxe5 11. Nxe5 Nxe5 12. Bxe5 Bxe5 13. dxe5 Bd7 14. Nf3 Qb6 15.
Qd2 O-O-O 16. O-O-O Qa5 17. Kb1 b5 18. Qd4 Qc7 19. Be2 a5 20. Rd2 Kb7 21. b3
Rb8 22. Ka1 h6 23. bxc4 bxc4 24. hxg6 Nxg6 25. Bxc4 Qxc4 26. Qxc4 dxc4 27.
Rxd7+ Kc6 28. Rd6+ Kc7 29. Rxe6 Nf4 30. Rexh6 1-0

[Event "XVI. DBMM Schach"]
[Site "Dresden"]
[Date "2016.11.03"]
[Round "1.4"]
[White "Uhlarz, Joerg"]
[Black "Meister, Bernd Holger"]
[Result "1-0"]
[WhiteElo "1743"]
[BlackElo "1812"]
[Annotator "br"]
[PlyCount "55"]
[EventDate "2016.11.??"]
[SourceTitle "XVI. DBMM 2016"]
[Source "FV Schach e.V."]
[SourceDate "2017.06.14"]
[SourceVersion "1"]
[SourceVersionDate "2017.06.14"]
[SourceQuality "1"]
[WhiteTeam "W&W Wuestenrot & Wuerttemb. Stuttgart"]
[BlackTeam "Transit Hamburg"]
[WhiteTeamCountry "GER"]
[BlackTeamCountry "GER"]

1. d4 Nf6 2. c4 e6 3. Nc3 b6 4. Nf3 Bb7 5. g3 Be7 6. Bg2 O-O 7. O-O d5 8. b3
Nbd7 9. Bb2 c5 10. e3 Rc8 11. cxd5 Nxd5 12. Ne2 N7f6 13. Ne5 Rc7 14. e4 Nb4 15.
a3 Na6 16. f3 cxd4 17. b4 d3 18. Nd4 Ne8 19. Nb5 Rd7 20. Nxd7 Qxd7 21. Nd4 Bf6
22. e5 Bxe5 23. Qxd3 Nf6 24. f4 Bxg2 25. Kxg2 Bb8 26. Qxa6 Qd5+ 27. Nf3 Ng4 28.
Qe2 1-0

[Event "XVI. DBMM Schach"]
[Site "Dresden"]
[Date "2016.11.03"]
[Round "1.1"]
[White "Bangert, Udo"]
[Black "Blum, Norbert"]
[Result "1/2-1/2"]
[WhiteElo "1905"]
[BlackElo "1986"]
[Annotator "br"]
[PlyCount "73"]
[EventDate "2016.11.??"]
[SourceTitle "XVI. DBMM 2016"]
[Source "FV Schach e.V."]
[SourceDate "2017.06.14"]
[SourceVersion "1"]
[SourceVersionDate "2017.06.14"]
[SourceQuality "1"]
[WhiteTeam "SG Stern Stuttgart"]
[BlackTeam "Sparkassen-Versicherung Stuttgart"]
[WhiteTeamCountry "GER"]
[BlackTeamCountry "GER"]

1. e4 e6 2. Nf3 d5 3. Nc3 dxe4 4. Nxe4 Nd7 5. d4 Ngf6 6. Bd3 Nxe4 7. Bxe4 Nf6
8. Bg5 Qd6 9. Bxf6 gxf6 10. Qd2 h5 11. a3 Rb8 12. c4 b6 13. Rd1 Bb7 14. Qe2 Qf4
15. Bxb7 Rxb7 16. g3 Qf5 17. O-O Be7 18. Nh4 Qh3 19. Qe4 Rb8 20. Qc6+ Kf8 21.
Qxc7 Re8 22. d5 f5 23. Ng2 h4 24. Nf4 Qg4 25. dxe6 fxe6 26. Nxe6+ Kf7 27. Rd4
Qe2 28. Ng5+ Kg6 29. gxh4 Bxg5 30. hxg5 Rh5 31. h4 Re4 32. Rxe4 Qxe4 33. Qd6+
Kh7 34. Qd7+ Kh8 35. Qd8+ Kh7 36. Qd7+ Kh8 37. Qd8+ 1/2-1/2

[Event "XVI. DBMM Schach"]
[Site "Dresden"]
[Date "2016.11.03"]
[Round "1.3"]
[White "Molzan, Andreas"]
[Black "Marten, Gero"]
[Result "0-1"]
[WhiteElo "1255"]
[BlackElo "2010"]
[Annotator "br"]
[PlyCount "52"]
[EventDate "2016.11.??"]
[SourceTitle "XVI. DBMM 2016"]
[Source "FV Schach e.V."]
[SourceDate "2017.06.14"]
[SourceVersion "1"]
[SourceVersionDate "2017.06.14"]
[SourceQuality "1"]
[WhiteTeam "SG Stern Stuttgart"]
[BlackTeam "Sparkassen-Versicherung Stuttgart"]
[WhiteTeamCountry "GER"]
[BlackTeamCountry "GER"]

1. e4 c5 2. Nf3 d6 3. d4 cxd4 4. Nxd4 Nf6 5. Nc3 a6 6. Bg5 e6 7. Bd3 Be7 8. Qd2
Nbd7 9. h4 h6 10. Be3 Ng4 11. O-O-O Nxe3 12. Qxe3 Qc7 13. f4 b5 14. a3 Nb6 15.
g4 Bb7 16. h5 O-O-O 17. g5 d5 18. e5 Nc4 19. Bxc4 dxc4 20. g6 Bxh1 21. Rxh1 Bc5
22. Rd1 Bxd4 23. Rxd4 Rxd4 24. Qxd4 Rd8 25. Qe4 Qb7 26. Qe3 Qh1+ 0-1

[Event "XVI. DBMM Schach"]
[Site "Dresden"]
[Date "2016.11.03"]
[Round "1.1"]
[White "Gempe, Thomas"]
[Black "Lau, Peter"]
[Result "1-0"]
[WhiteElo "2209"]
[BlackElo "1801"]
[Annotator "br"]
[PlyCount "49"]
[EventDate "2016.11.??"]
[SourceTitle "XVI. DBMM 2016"]
[Source "FV Schach e.V."]
[SourceDate "2017.06.14"]
[SourceVersion "1"]
[SourceVersionDate "2017.06.14"]
[SourceQuality "1"]
[WhiteTeam "ADAC Muenchen"]
[BlackTeam "Sparkassen-Versicherung Stuttgart II"]
[WhiteTeamCountry "GER"]
[BlackTeamCountry "GER"]

1. d4 f5 2. e4 fxe4 3. Nc3 Nf6 4. Bg5 e6 5. Nxe4 Be7 6. Bxf6 Bxf6 7. Nf3 Nc6 8.
c3 b6 9. Bd3 Bb7 10. Qe2 Qe7 11. O-O-O O-O-O 12. Ba6 Rhe8 13. Rhe1 d5 14. Bxb7+
Kxb7 15. Nc5+ bxc5 16. Qb5+ Kc8 17. Qxc6 cxd4 18. Nxd4 Bxd4 19. Rxd4 Qd6 $11
20. Qa4 Qc5 21. f4 Re7 22. Qa6+ Kd7 23. Re5 Rb8 24. Qd3 Qb5 25. Rexd5+ 1-0

[Event "XVI. DBMM Schach"]
[Site "Dresden"]
[Date "2016.11.03"]
[Round "1.2"]
[White "Wirth, Volker"]
[Black "Gempe, Anet"]
[Result "0-1"]
[WhiteElo "1717"]
[BlackElo "2027"]
[Annotator "br"]
[PlyCount "63"]
[EventDate "2016.11.??"]
[SourceTitle "XVI. DBMM 2016"]
[Source "FV Schach e.V."]
[SourceDate "2017.06.14"]
[SourceVersion "1"]
[SourceVersionDate "2017.06.14"]
[SourceQuality "1"]
[WhiteTeam "Sparkassen-Versicherung Stuttgart II"]
[BlackTeam "ADAC Muenchen"]
[WhiteTeamCountry "GER"]
[BlackTeamCountry "GER"]

1. d4 e6 2. c4 d5 3. Nc3 Nf6 4. Nf3 Be7 5. Bg5 h6 6. Bh4 O-O 7. e3 b6 8. cxd5
exd5 9. Be2 Bb7 10. O-O Ne4 11. Bxe7 Qxe7 12. Rc1 Nd7 13. a3 c5 14. dxc5 Nxc3
15. Rxc3 bxc5 16. Qb3 Nf6 17. Nd2 d4 18. Rc2 Rab8 19. Qd3 Rfe8 20. Bf3 dxe3 21.
fxe3 Qxe3+ 22. Qxe3 Rxe3 23. Bxb7 Rxb7 24. Rf5 Nd7 25. Kf2 Re6 26. b4 cxb4 27.
Rc8+ Kh7 28. Rxf7 bxa3 29. Nb3 Reb6 30. Rc3 a2 31. Rc2 Rxb3 32. Rxa2 0-1

[Event "XVI. DBMM Schach"]
[Site "Dresden"]
[Date "2016.11.03"]
[Round "1.3"]
[White "Weidl, Robert"]
[Black "Brethauer, Tim"]
[Result "1-0"]
[WhiteElo "1909"]
[BlackElo "1641"]
[Annotator "br"]
[PlyCount "49"]
[EventDate "2016.11.??"]
[SourceTitle "XVI. DBMM 2016"]
[Source "FV Schach e.V."]
[SourceDate "2017.06.14"]
[SourceVersion "1"]
[SourceVersionDate "2017.06.14"]
[SourceQuality "1"]
[WhiteTeam "ADAC Muenchen"]
[BlackTeam "Sparkassen-Versicherung Stuttgart II"]
[WhiteTeamCountry "GER"]
[BlackTeamCountry "GER"]

1. e4 e6 2. d4 d5 3. Nc3 Bb4 4. e5 c5 5. a3 Bxc3+ 6. bxc3 cxd4 7. cxd4 Nc6 8.
Nf3 Bd7 9. Bd3 Nge7 10. O-O Qb6 11. c3 O-O-O 12. Rb1 Qc7 13. Bd2 Na5 14. Bg5
Rde8 15. Nd2 h6 16. Be3 Nf5 17. Qe2 g5 18. c4 dxc4 19. Nxc4 Nc6 20. Bxf5 exf5
21. Nd6+ Kd8 22. Rxb7 Qa5 23. Nxf7+ Ke7 24. Nxh8 Rxh8 25. e6 1-0

[Event "XVI. DBMM Schach"]
[Site "Dresden"]
[Date "2016.11.03"]
[Round "1.4"]
[White "Dreisbach, Kai"]
[Black "Baudrexel, Peter"]
[Result "0-1"]
[WhiteElo "1500"]
[BlackElo "1836"]
[Annotator "br"]
[PlyCount "72"]
[EventDate "2016.11.??"]
[SourceTitle "XVI. DBMM 2016"]
[Source "FV Schach e.V."]
[SourceDate "2017.06.14"]
[SourceVersion "1"]
[SourceVersionDate "2017.06.14"]
[SourceQuality "1"]
[WhiteTeam "Sparkassen-Versicherung Stuttgart II"]
[BlackTeam "ADAC Muenchen"]
[WhiteTeamCountry "GER"]
[BlackTeamCountry "GER"]

1. e4 e6 2. Nf3 d5 3. Nc3 Nf6 4. exd5 exd5 5. d4 Bf5 6. Bd3 Bg6 7. O-O Be7 8.
Bf4 c6 9. Re1 O-O 10. Bxg6 hxg6 11. h3 Nbd7 12. Na4 Re8 13. Qd3 Nf8 14. Nc5
Bxc5 15. dxc5 Ne4 16. b4 a5 17. c3 Qf6 18. Bd2 Nd7 19. c4 axb4 20. cxd5 Ndxc5
21. Qc4 cxd5 22. Qb5 b3 23. Bb4 Rec8 24. Bxc5 Rxc5 25. Qxb3 b6 26. Red1 Rac8
27. Rab1 Nc3 28. Rxd5 Nxd5 29. Nd2 Rc1+ 30. Rxc1 Rxc1+ 31. Nf1 Nf4 32. Qe3 Ra1
33. a3 g5 34. Qe8+ Kh7 35. Qe4+ g6 36. Qe3 Qc6 0-1

[Event "XVI. DBMM Schach"]
[Site "Dresden"]
[Date "2016.11.03"]
[Round "1.1"]
[White "Hartmann, Jens"]
[Black "Feikes, Joerg"]
[Result "1/2-1/2"]
[WhiteElo "1804"]
[BlackElo "1968"]
[Annotator "jf"]
[PlyCount "59"]
[EventDate "2016.11.??"]
[SourceTitle "XVI. DBMM 2016"]
[Source "FV Schach e.V."]
[SourceDate "2017.06.14"]
[SourceVersion "1"]
[SourceVersionDate "2017.06.14"]
[SourceQuality "1"]
[WhiteTeam "Baubehörde Hamburg II"]
[BlackTeam "BA Tempelhof Berlin"]
[WhiteTeamCountry "GER"]
[BlackTeamCountry "GER"]

1. e4 e5 2. Nf3 Nc6 3. Bc4 Nf6 4. d3 Bc5 5. O-O a6 6. Be3 Ba7 7. Bxa7 Rxa7 8.
a3 d6 9. h3 O-O 10. Nh2 Be6 11. Nd2 d5 12. exd5 Bxd5 13. Re1 Re8 14. Ng4 Nxg4
15. Qxg4 Ra8 16. Bxd5 Qxd5 17. Re3 Re6 18. Qc4 Rd8 19. Qxd5 Rxd5 20. Nf3 f6 21.
Kf1 Kf7 22. c3 Rd7 23. Nd2 b6 24. Nc4 Ne7 25. Rd1 Nd5 26. Re2 Nf4 27. Red2 b5
28. Ne3 Red6 29. d4 g6 30. h4 1/2-1/2

[Event "XVI. DBMM Schach"]
[Site "Dresden"]
[Date "2016.11.03"]
[Round "1.2"]
[White "Kettenburg, Stefan"]
[Black "Hoffeins, Hans Werner"]
[Result "1-0"]
[WhiteElo "2063"]
[BlackElo "1441"]
[Annotator "br"]
[PlyCount "53"]
[EventDate "2016.11.??"]
[SourceTitle "XVI. DBMM 2016"]
[Source "FV Schach e.V."]
[SourceDate "2017.06.14"]
[SourceVersion "1"]
[SourceVersionDate "2017.06.14"]
[SourceQuality "1"]
[WhiteTeam "BA Tempelhof Berlin"]
[BlackTeam "Baubehörde Hamburg II"]
[WhiteTeamCountry "GER"]
[BlackTeamCountry "GER"]

1. d4 g6 2. c4 Nf6 3. Nc3 Bg7 4. e4 d6 5. f4 c5 6. d5 Bg4 7. Nf3 O-O 8. Be2
Nfd7 9. O-O Na6 10. h3 Bxf3 11. Bxf3 Nc7 12. Bd2 a6 13. a4 Rb8 14. Be2 Ne8 15.
Qc2 h5 16. Rae1 Bd4+ 17. Kh2 Ng7 18. Bd3 f6 19. Ne2 a5 20. Nc3 Qe8 21. Nb5 b6
22. Nc7 Qf7 23. e5 fxe5 24. fxe5 Nf5 25. Bxf5 gxf5 26. e6 Qf6 27. exd7 1-0

[Event "XVI. DBMM Schach"]
[Site "Dresden"]
[Date "2016.11.03"]
[Round "1.3"]
[White "Lindemann, Thomas"]
[Black "Neumann, Christian"]
[Result "0-1"]
[WhiteElo "1536"]
[BlackElo "1945"]
[Annotator "br"]
[PlyCount "74"]
[EventDate "2016.11.??"]
[SourceTitle "XVI. DBMM 2016"]
[Source "FV Schach e.V."]
[SourceDate "2017.06.14"]
[SourceVersion "1"]
[SourceVersionDate "2017.06.14"]
[SourceQuality "1"]
[WhiteTeam "Baubehörde Hamburg II"]
[BlackTeam "BA Tempelhof Berlin"]
[WhiteTeamCountry "GER"]
[BlackTeamCountry "GER"]

1. e4 g6 2. f4 Bg7 3. Bc4 d6 4. Nf3 Bg4 5. Bxf7+ Kxf7 6. Ng5+ Ke8 7. Qxg4 Nf6
8. Qe2 Qd7 9. O-O Nc6 10. c3 e5 11. f5 Ke7 12. d3 Nd8 13. Nd2 Bh6 14. Ndf3 gxf5
15. exf5 Qxf5 16. Nd4 Qg6 17. Nf5+ Kd7 18. Nxh6 Qxh6 19. Nf7 Qg7 20. Nxh8 Ne6
21. Qf3 Rg8 22. Rf2 Rf8 23. Qxb7 Nc5 24. Qb5+ c6 25. Qc4 Rxh8 26. d4 Nce4 27.
Re2 Rf8 28. dxe5 dxe5 29. Be3 Nd6 30. Rd1 Nd5 31. Qc5 Qg4 32. Qxa7+ Ke6 33.
Rde1 Nf5 34. Bd4 Nf4 35. Rxe5+ Kf6 36. Rxf5+ Kg6 37. Rf6+ Rxf6 0-1

[Event "XVI. DBMM Schach"]
[Site "Dresden"]
[Date "2016.11.03"]
[Round "1.1"]
[White "Hohlfeld, Wolfgang"]
[Black "Warnest, Stefan"]
[Result "1-0"]
[WhiteElo "2102"]
[BlackElo "1467"]
[Annotator "br"]
[PlyCount "49"]
[EventDate "2016.11.??"]
[SourceTitle "XVI. DBMM 2016"]
[Source "FV Schach e.V."]
[SourceDate "2017.06.14"]
[SourceVersion "1"]
[SourceVersionDate "2017.06.14"]
[SourceQuality "1"]
[WhiteTeam "Baubehoerde Hamburg"]
[BlackTeam "BA Tempelhof Berlin III"]
[WhiteTeamCountry "GER"]
[BlackTeamCountry "GER"]

1. e4 c6 2. d4 d5 3. exd5 cxd5 4. c4 e6 5. Nc3 Bb4 6. Nf3 Nc6 7. Bd3 Nf6 8. O-O
O-O 9. a3 Bxc3 10. bxc3 Re8 11. Re1 b6 12. cxd5 exd5 13. Bg5 Bg4 14. Rxe8+ Qxe8
15. Bxf6 gxf6 16. Qd2 Qf8 17. Qf4 Qg7 18. Re1 Bxf3 19. Qxf3 Rd8 20. Re3 Qg5 21.
Qh3 Kf8 22. Qxh7 Qg7 23. Qh5 Qg5 24. Qh8+ Qg8 25. Qxf6 1-0

[Event "XVI. DBMM Schach"]
[Site "Dresden"]
[Date "2016.11.03"]
[Round "1.2"]
[White "Meseck, Michael"]
[Black "Hein, Ralf"]
[Result "0-1"]
[WhiteElo "1529"]
[BlackElo "2047"]
[Annotator "br"]
[PlyCount "84"]
[EventDate "2016.11.??"]
[SourceTitle "XVI. DBMM 2016"]
[Source "FV Schach e.V."]
[SourceDate "2017.06.14"]
[SourceVersion "1"]
[SourceVersionDate "2017.06.14"]
[SourceQuality "1"]
[WhiteTeam "BA Tempelhof Berlin III"]
[BlackTeam "Baubehoerde Hamburg"]
[WhiteTeamCountry "GER"]
[BlackTeamCountry "GER"]

1. d4 d5 2. c4 Nf6 3. Nc3 e6 4. cxd5 exd5 5. Bg5 Be7 6. e3 O-O 7. Bd3 h6 8. Bh4
c6 9. Qc2 a5 10. a4 Na6 11. Bxa6 Rxa6 12. Nge2 Nh5 13. Bxe7 Qxe7 14. O-O f5 15.
Rae1 Qg5 16. Ng3 Nf6 17. Nce2 Ne4 18. Nf4 Qf6 19. Qe2 g6 20. Nd3 Qd6 21. Ne5 c5
22. Nxe4 fxe4 23. f3 cxd4 24. exd4 Qb4 25. Qe3 exf3 26. Rxf3 Rxf3 27. Nxf3 Re6
28. Ne5 Qxa4 29. Rc1 Bd7 30. b3 Qb4 31. h3 Bc6 32. Rf1 Be8 33. Rf4 g5 34. Qg3
Rxe5 35. dxe5 Qxf4 36. Qxf4 gxf4 37. Kf2 Bh5 38. g4 fxg3+ 39. Kxg3 Kf7 40. Kf4
Bd1 41. h4 Bxb3 42. Ke3 Ke6 0-1

[Event "XVI. DBMM Schach"]
[Site "Dresden"]
[Date "2016.11.03"]
[Round "1.3"]
[White "Kaliski, Achim"]
[Black "Frahm, Werner"]
[Result "1-0"]
[WhiteElo "1976"]
[BlackElo "1568"]
[Annotator "br"]
[PlyCount "61"]
[EventDate "2016.11.??"]
[SourceTitle "XVI. DBMM 2016"]
[Source "FV Schach e.V."]
[SourceDate "2017.06.14"]
[SourceVersion "1"]
[SourceVersionDate "2017.06.14"]
[SourceQuality "1"]
[WhiteTeam "Baubehoerde Hamburg"]
[BlackTeam "BA Tempelhof Berlin III"]
[WhiteTeamCountry "GER"]
[BlackTeamCountry "GER"]

1. e4 e5 2. Nc3 Nc6 3. Bc4 a6 4. a3 Bc5 5. d3 d6 6. Be3 Bxe3 7. fxe3 Qg5 8. Qf3
Qf6 9. Nd5 Qxf3 10. Nxf3 Kd7 11. O-O f6 12. d4 Nge7 13. dxe5 Nxd5 14. e6+ Ke7
15. exd5 Nd8 16. Nh4 g6 17. Bd3 Rg8 18. Rf2 Bxe6 19. dxe6 Nxe6 20. Raf1 Raf8
21. Nf3 c5 22. c4 f5 23. e4 f4 24. e5 h6 25. Be4 b6 26. exd6+ Kxd6 27. Rd1+ Ke7
28. Bd5 Rf5 29. Re2 Rd8 30. Rde1 Rd6 31. Nd2 1-0

[Event "XVI. DBMM Schach"]
[Site "Dresden"]
[Date "2016.11.03"]
[Round "1.4"]
[White "Wolf, Wilfried"]
[Black "Raum, Norbert"]
[Result "1/2-1/2"]
[WhiteElo "1584"]
[BlackElo "1816"]
[Annotator "br"]
[PlyCount "68"]
[EventDate "2016.11.??"]
[SourceTitle "XVI. DBMM 2016"]
[Source "FV Schach e.V."]
[SourceDate "2017.06.14"]
[SourceVersion "1"]
[SourceVersionDate "2017.06.14"]
[SourceQuality "1"]
[WhiteTeam "BA Tempelhof Berlin III"]
[BlackTeam "Baubehoerde Hamburg"]
[WhiteTeamCountry "GER"]
[BlackTeamCountry "GER"]

1. e4 e6 2. d4 d5 3. exd5 exd5 4. Nf3 Nf6 5. Be2 Be7 6. O-O Bg4 7. Bg5 Nbd7 8.
Nbd2 c5 9. dxc5 Bxc5 10. Nb3 Bb6 11. Re1 O-O 12. Nfd4 Be6 13. Bf3 Re8 14. Qd2
Bxd4 15. Nxd4 Qb6 16. c3 h6 17. Bh4 Rac8 18. Re2 Bg4 19. Rae1 Rxe2 20. Rxe2 Ne4
21. Qe3 Ndf6 22. Bxf6 Nxf6 23. Bxg4 Nxg4 24. Qd2 Nf6 25. f3 Qc5 26. Kf1 Kf8 27.
Nb3 Qd6 28. g3 Qa6 29. Nc1 Re8 30. Qd3 Re6 31. Qxa6 Rxa6 32. Kf2 Re6 33. Nb3
Ra6 34. Nc1 Re6 1/2-1/2